Ethics in security management and criminal justice : (Record no. 2626)

MARC details
000 -LEADER
fixed length control field 00967nam a22002655i 4500
001 - CONTROL NUMBER
control field 18857418
003 - CONTROL NUMBER IDENTIFIER
control field 20160315102801.0
005 - DATE AND TIME OF LATEST TRANSACTION
control field 20240606080858.0
008 - FIXED-LENGTH DATA ELEMENTS--GENERAL INFORMATION
fixed length control field 151116s2015 ke a b 000 0 eng
010 ## - LIBRARY OF CONGRESS CONTROL NUMBER
LC control number 2014321914
020 ## - INTERNATIONAL STANDARD BOOK NUMBER
International Standard Book Number 9789966510488
040 ## - CATALOGING SOURCE
Original cataloging agency DLC
Language of cataloging eng
Transcribing agency DLC
Description conventions rda
042 ## - AUTHENTICATION CODE
Authentication code lcode
-- pcc
100 1# - MAIN ENTRY--PERSONAL NAME
Personal name Mathenge, Githui Donatus.
245 10 - TITLE STATEMENT
Title Ethics in security management and criminal justice :
Remainder of title a requisite to solving ethical dilemmas in crime management and security decisions in a globalized world /
264 #1 - PRODUCTION, PUBLICATION, DISTRIBUTION, MANUFACTURE, AND COPYRIGHT NOTICE
Place of production, publication, distribution, manufacture Nairobi, Kenya :
Name of producer, publisher, distributor, manufacturer The Jomo Kenyatta Foundation,
Date of production, publication, distribution, manufacture, or copyright notice 2015.
300 ## - PHYSICAL DESCRIPTION
Extent xxi, 264 pages :
Other physical details illustrations ;
Dimensions 21 cm
336 ## - CONTENT TYPE
Content type term text
Source rdacontent
337 ## - MEDIA TYPE
Media type term unmediated
Source rdamedia
338 ## - CARRIER TYPE
Carrier type term volume
Source rdacarrier
504 ## - BIBLIOGRAPHY, ETC. NOTE
Bibliography, etc. note Includes bibliographical references (pages 247-264).
906 ## - LOCAL DATA ELEMENT F, LDF (RLIN)
a 0
b ibc
c origode
d 3
e ncip
f 20
g y-gencatlg
942 ## - ADDED ENTRY ELEMENTS (KOHA)
Source of classification or shelving scheme Library of Congress Classification
Koha item type Books
Holdings
Withdrawn status Lost status Source of classification or shelving scheme Damaged status Not for loan Home library Current library Date acquired Total checkouts Full call number Barcode Date last seen Date last checked out Price effective from Koha item type
    Library of Congress Classification     Murang'a University of Technology Library Murang'a University of Technology Library 15/03/2016 10 HM221.M297 2015 002763 05/02/2025 08/01/2025 15/03/2016 Books